| 000 | 00666nam a2200157Ia 4500 | ||
|---|---|---|---|
| 008 | 231221s9999 xx 000 0 und d | ||
| 041 | _aEnglish | ||
| 082 | _a372.891 PRA;1 R | ||
| 100 | _aPrabhu, R G | ||
| 245 | 0 | _aVishayaadhaarita bodhanaa paddati boogholashaastra mattu arthashaastra : raajyada yella vishwavidyalayagala nootana patyakramakkanusaara, B.Ed vidyarthigalige | |
| 260 |
_c2007 _bVidyanidhi _agadag |
||
| 300 | _a316 | ||
| 500 | _aTransfered to SSM School | ||
| 650 | _aVishayaadhaarita,bodhanaa,paddati,boogholashaastra,mattu,arthashaastra,:,raajyada,yella,vishwavidyalayagala,nootana,patyakramakkanusaara,,B.Ed,vidyarthigalige | ||
| 942 | _cED | ||
| 999 |
_c207122 _d207122 |
||